|
|
|
|
| LEADER |
00000nam a2200000 a 4500 |
| 001 |
vtls001336350 |
| 003 |
SK-MaSNL |
| 005 |
20260301070024.0 |
| 008 |
180815s1980 xo a 0 slo |
| 020 |
|
|
|c 40,00
|
| 035 |
|
|
|a SNK000289337
|
| 040 |
|
|
|a SNK
|b slo
|c SNK
|e AACR2
|
| 044 |
|
|
|a xo
|c SK
|
| 080 |
|
|
|a 908.437.6-25(084.12)
|2 1981
|
| 245 |
1 |
|
|a Bratislava
|b textovo-obrazový propagačný komplet
|
| 260 |
|
|
|a Bratislava
|b Pravda
|c 1980
|
| 300 |
|
|
|a 6 brožúr, 3 mp. v prebale
|c 22 cm
|
| 500 |
|
|
|a Vyd. Bratislavská informačná a propagačná služba
|
| 650 |
0 |
7 |
|a prehľady informačné
|2 SNK
|9 283433
|
| 651 |
|
7 |
|a Bratislava (Slovensko)
|2 SNPKHgeo
|
| 958 |
|
|
|a OND
|
| 999 |
|
|
|c 632829
|d 634759
|
| 952 |
|
|
|t P60, <03>, [BOOK], {603}
|a SNK
|b SNK
|y PREZ
|7 7
|p 17A0140519
|o snkOSC 19870
|i snkK 1244/98
|0 0
|1 0
|4 0
|d 1998-07-07
|l 0
|r 2005-01-02 00:00:00
|w 2026-02-23
|
| 952 |
|
|
|t P60, <04>, [BOOK], {604}
|a SNK
|b SNK
|y VYP
|7 0
|p 17A0140518
|o snkOSC 19870 D1
|i snkK 1245/98
|0 0
|1 0
|4 0
|d 1998-07-07
|l 0
|r 2005-01-02 00:00:00
|w 2026-02-23
|